00291nam a2200121Ia 4500008004100000041000800041082001300049100001300062245004500075260002000120365001600140700001300156230718s9999 xx 000 0 und d aeng a658bDAL aDalal S. aSmall Cap 400 The Large Caps Of Tomorrow bRadam House Inc cRs.b299.00 aDalal S.